000 00715nam a2200265Ia 4500
003 OSt
005 20220925192119.0
006 a|||||r|||| 00| 0
007 ta
008 220923b |||||||| |||| 00| 0 eng d
020 _a0395790050
037 _cGeneral Book
040 _aRTL
_cRTL
_beng
041 _2eng
_aeng
082 _aX:51, N7
100 _aDibb Sally and others
_9243978
245 0 _aMarketing
_b Concepts and strategies
250 _a3rd
260 _aBoston
_bHoughton Mifflin
_c1997
300 _axxi,842p
_ccm.
500 _aAppendix: p 767-95
650 _aMarketing
_915998
942 _hX:51, N7
_cGB
_2CC
999 _c521001
_d521001